| 000 | 00581 a2200253 4500 | ||
|---|---|---|---|
| 260 | _aParis | ||
| 630 | _a657 - Comptabilité | ||
| 037 | _b1, Achat | ||
| 650 | _a6 - SCIENCES APPLIQUEES | ||
| 100 | _aRossignol, A. | ||
| 700 | _aProst, A. | ||
| 700 | _aBreuil, J. | ||
| 260 | _bLes Editions Foucher | ||
| 245 | _aTraitement des informations : plan O.C.A.M. | ||
| 300 | _a191 p. | ||
| 650 | _aComptabilité | ||
| 260 | _c1972 | ||
| 300 | _b22cm | ||
| 100 | _lFr | ||
| 440 | _aMéthodes et Techniques Comptables | ||
| 037 | _a18129 | ||
| 999 |
_c41878 _d41878 |
||